000 00724nam a22002177a 4500
999 _c64208
_d64208
005 20240530110720.0
008 180319s2017 ua a g b 000 0 ara d
017 _a2016/21855
_bمصر. دار الكتب
020 _a9789777950862
040 _aEG-CaGPL
_cEG-CaGPL
082 0 4 _221
_a913.031\
_bخ آ
100 0 _aخالد عزب
245 1 2 _aالاثار :
_bشفرة الماضى : اللغز والحل /
_cخالد عزب .
250 _aط.1
260 _aالقاهرة :
_bالدار المصرية اللبنانية ،
_c2017 .
300 _a229 ص. ؛
_c22 سم.
650 0 7 _2qrmak
_aالاثار ، علم
651 _2qrmak
942 _2ddc
_cBK